Capitals of Countries with more than 100 Million People - Statistics

General Stats
  • This quiz has been taken 27 times
  • The average score is 14 of 15
Answer Stats
Country Capital % Correct
Brazil Brasilia
100%
Mexico Mexico City
100%
Russia Moscow
100%
India New Delhi
100%
Japan Tokyo
100%
China Beijing
96%
Egypt Cairo
96%
Indonesia Jakarta
96%
Philippines Manila
96%
United States Washington D.C.
96%
Bangladesh Dhaka
92%
Pakistan Islamabad
92%
Nigeria Abuja
84%
Ethiopia Addis Ababa
76%
D.R.Congo Kinshasa
72%
No matching quizzes found
Score Distribution
Percent of People with Each Score
Percentile by Number Answered
Your Score History
You have not taken this quiz